Harvest and post-harvest technology - Product diversification and value addition in plantation crops (Record no. 60228)

MARC details
000 -LEADER
fixed length control field 00453nam a2200145Ia 4500
100 ## - MAIN ENTRY--AUTHOR NAME
Personal name Dharmaraj N
245 #0 - TITLE STATEMENT
Title Harvest and post-harvest technology - Product diversification and value addition in plantation crops
260 ## - PUBLICATION, DISTRIBUTION, ETC. (IMPRINT)
Name of publisher Planters Chronicle
Year of publication 2002
300 ## - PHYSICAL DESCRIPTION
Number of Pages 510-511
650 ## - SUBJECT ADDED ENTRY--TOPICAL TERM
Topical Term Plantation crops
650 ## - SUBJECT ADDED ENTRY--TOPICAL TERM
Topical Term Post-harvest technology
650 ## - SUBJECT ADDED ENTRY--TOPICAL TERM
Topical Term Production diversification
942 ## - ADDED ENTRY ELEMENTS (KOHA)
Koha item type Journals
Holdings
Withdrawn status Lost status Damaged status Not for loan Home library Current library Shelving location Date acquired Serial Enumeration / chronology Koha item type
      Journals RRII Library RRII Library Rubber general 01/01/2021 Volume 98, Issue 12 Journals